[Event "Extremadura Promesas 1st"]
[Site "Merida"]
[Date "2021.08.03"]
[Round "3"]
[White "Parejo Pineda, Jesus"]
[Black "Del Moral Collado, Enrique"]
[Result "1-0"]
[WhiteElo "1565"]
[BlackElo "1852"]
[PlyCount "55"]
[EventDate "2021.08.02"]
[EventType "tourn"]
[EventRounds "5"]
[EventCountry "ESP"]
[SourceTitle "EXT 2023"]
[Source "ChessBase"]
[SourceDate "2022.10.05"]
[SourceVersion "1"]
[SourceVersionDate "2022.10.05"]
[SourceQuality "1"]

1. d4 Nf6 2. Bf4 e6 3. e3 c5 4. c3 Be7 5. Nd2 0-0 6. e4 b6 7. Bd3 Bb7 8. Ngf3 d6 9. Qc2 g6 10. h4 cxd4 11. cxd4 Nbd7 12. Rc1 Rc8 13. Qb1 Re8 14. Be3 Ng4 15. Ke2 Nxe3 16. fxe3 Nf6 17. Rh3 Bf8 18. e5 dxe5 19. Rxc8 Qxc8 20. Nxe5 Ba6 21. g4 Bxd3+ 22. Qxd3 Qb7 23. Rf3 Re7 24. Rxf6 Bg7 25. Rf2 Bxe5 26. dxe5 Rd7 27. Qb3 Qc6 28. Qc3 1-0

[Event "ESP-chT Regional U14"]
[Site "Padron"]
[Date "2016.06.25"]
[Round "4.71"]
[White "Del Moral Collado, Enrique"]
[Black "Moreno Estebanez, Patxi"]
[Result "0-1"]
[WhiteElo "1411"]
[BlackElo "1873"]
[PlyCount "76"]
[EventDate "2016.06.23"]
[EventType "team-swiss"]
[EventRounds "6"]
[EventCountry "ESP"]
[SourceTitle "EXT 2017"]
[Source "ChessBase"]
[SourceDate "2016.10.25"]
[SourceVersion "1"]
[SourceVersionDate "2016.10.25"]
[SourceQuality "1"]
[WhiteTeam "Extremadura"]
[BlackTeam "Euskadi"]
[WhiteTeamCountry "ESP"]
[BlackTeamCountry "ESP"]

1. e4 c5 2. Nf3 g6 3. d4 cxd4 4. Nxd4 Bg7 5. Be3 Nc6 6. Nc3 Nf6 7. Nb3 0-0 8. Be2 d6 9. 0-0 Ne5 10. f4 Neg4 11. Qd2 Nxe3 12. Qxe3 Bd7 13. Kh1 Bc6 14. Bf3 Nd7 15. Rad1 Bh6 16. Nd5 e5 17. Qf2 exf4 18. Be2 Ne5 19. Nd4 Bxd5 20. exd5 Rc8 21. c3 a6 22. Bf3 Nc4 23. Rfe1 Ne3 24. Rc1 Re8 25. Nc2 Re5 26. Nxe3 fxe3 27. Qe2 Qh4 28. Rf1 f5 29. Qe1 Qe7 30. Qe2 Rf8 31. Rcd1 b5 32. Rd4 Rb8 33. Rb4 a5 34. Rxb5 Rxb5 35. Qxb5 e2 36. Re1 Qa7 37. h3 Qf2 38. Qb8+ Bf8 0-1

[Event "ESP-chT Regional U14"]
[Site "Padron"]
[Date "2016.06.23"]
[Round "1.81"]
[White "Carbajal Mendez, Abel"]
[Black "Del Moral Collado, Enrique"]
[Result "0-1"]
[WhiteElo "1729"]
[BlackElo "1411"]
[PlyCount "76"]
[EventDate "2016.06.23"]
[EventType "team-swiss"]
[EventRounds "6"]
[EventCountry "ESP"]
[SourceTitle "EXT 2017"]
[Source "ChessBase"]
[SourceDate "2016.10.25"]
[SourceVersion "1"]
[SourceVersionDate "2016.10.25"]
[SourceQuality "1"]
[WhiteTeam "Asturias"]
[BlackTeam "Extremadura"]
[WhiteTeamCountry "ESP"]
[BlackTeamCountry "ESP"]

1. d4 d5 2. c4 e6 3. Nf3 Be7 4. g3 Nf6 5. Bg2 0-0 6. 0-0 Nbd7 7. Qc2 b6 8. Nbd2 Bb7 9. b3 c5 10. Bb2 Rc8 11. Ne5 Qc7 12. Rac1 cxd4 13. Nxd7 Qxd7 14. Bxd4 Rfd8 15. Qb2 dxc4 16. Bxb7 Qxb7 17. Nxc4 b5 18. Ne3 a6 19. Rfd1 Qe4 20. Bc3 Qg6 21. Rxd8+ Rxd8 22. Ba5 Ra8 23. Rc7 Bd8 24. Rc6 Bxa5 25. b4 Bd8 26. Qc1 Qe4 27. Qc3 Nd5 28. Nxd5 Qxd5 29. Qc2 h6 30. a3 Bf6 31. e4 Qd4 32. Rc8+ Rxc8 33. Qxc8+ Kh7 34. Qxa6 Qd3 35. e5 Bxe5 36. Kg2 Bd4 37. Qb7 Qf5 38. f4 Qd5+ 0-1